| 000 | 01074cam a2200277 a 4500 | ||
|---|---|---|---|
| 001 | 000011658 | ||
| 005 | 20200929162521.0 | ||
| 008 | 860127s1966 sp a 000 0 spa | ||
| 040 |
_aDO-SdBNP _bspa _cBNPHU |
||
| 082 |
_a624.15136 _bC736t |
||
| 245 | 0 | 0 |
_aCompactación de terrenos : _bterraplenes y pedraplenes, teoría y práctica / _cFrancisco Arredondo y Verdú ... [et al.] ; prólogo José Luis Escario y Núñez del Pino. |
| 260 |
_aBarcelona, España : _bTécnicos Asociados, _c1966. |
||
| 300 |
_a261 p. : _bil. ; _c19 cm. |
||
| 650 | 4 |
_aMecánica de suelos _920502 |
|
| 650 | 4 |
_aTerraplenes _927616 |
|
| 650 | 4 |
_aMuros de contención _927617 |
|
| 700 | 1 |
_aArredondo Verdú, Francisco _927618 |
|
| 700 | 1 |
_aGiménez Martín, Francisco _927619 |
|
| 700 | 1 |
_aJiménez Salas, José A. _927620 |
|
| 700 | 1 |
_aLlamares Gómez, Olegario _927621 |
|
| 700 | 1 |
_aNavacerrada Farias, Gonzalo de _927622 |
|
| 700 | 1 |
_aSendín, Mariano _927623 |
|
| 700 | 1 |
_aVillamil, P. _927624 |
|
| 700 | 1 |
_aEscario, José Luis, _epról. _927625 |
|
| 700 | 1 |
_aNúñez del Pino, _epról. _927626 |
|
| 999 |
_c11346 _d11346 |
||